MDQL
is popping MORE tags! Check the
thread
!
Quizzes
Events
Quiz Creation
Community
Videos
Private Events
Remove Ads
Sign In
Join for FREE
Feedback
Dark Mode
Quiz Categories
Sports
Geography
Music
Movies
Television
Just For Fun
Miscellaneous
History
Literature
Language
Science
Gaming
Entertainment
Religion
Holiday
For Kids
Quiz Lab
Recent
Popular Today
Quiz Kudos Today
Editor Picks
Curator Picks
Quizzes by...
Day
Popularity
Type
Ratings
Length
Year
Community
Subscriptions
Recent Discussions
Orange Saloon
Badges
Playlists
Quests
Create
Leaderboards
Showdown
Live 5
Trivia Bingo
Activity
Puzzle Library
Sporcle Events
Private Events
Virtual Trivia
Globe League
Become a Host
Pub Owners
SporcleCon
Opinionation
Our Games
Videos
Blog
Mobile Apps
Partnerships
Remove Ads and Go Orange
Feedback
Geography
Country
Landmarks
City
State
Population
World
Capital
Continent
Flags
Europe
Africa
Asia
South America
North America
Oceania
Border
Canada
United Kingdom
Topography
United States
Geography
Country
Landmarks
City
State
Population
World
Capital
Continent
Flags
Europe
Africa
Asia
South America
North America
Oceania
Border
Canada
United Kingdom
Topography
United States
Random Quiz
Search Sporcle
×
Quiz Lab
Quiz Lab
Geography
Europe
Type in answers that appear in a list
Type in answers that appear in a list
Classic
Best Score? Go Orange.
Progressively harder European Capitals Stats
Can you name the Progressively harder European Capitals?
By
KPower98
4m
47 Questions
2,812 Plays
2,812 Plays
2,812 Plays
Comments
Comments
Give Quiz Kudos
Give Quiz Kudos
-
- Ratings
hide this ad
More Info
No Skip
Answers have to be entered in order without skipping
Answers have to be entered in order without skipping
Replay
Link that replays current quiz
Next Quiz
Link to next quiz in quiz playlist
You Got
0%
They Got
Avg Score
79%
Avg Friend Score
Upgrade to see
Score Distribution
Jump to the score distribution portion of the page
Score
0/47
Timer
04:00
0
Plays Today
Country
Capital
% Correct
?
???
100%
?
???
99.3%
?
???
99%
?
???
98.5%
?
???
98.4%
?
???
98.2%
?
???
98%
?
???
97.5%
?
???
96.8%
?
???
96.1%
?
???
95.5%
?
???
95.4%
?
???
94.8%
?
???
94.3%
?
???
93.8%
?
???
92.8%
?
???
92%
?
???
91.4%
?
???
90.8%
?
???
90.4%
?
???
90.1%
?
???
89.4%
?
???
88.8%
?
???
88.7%
Country
Capital
% Correct
?
???
87.6%
?
???
86.5%
?
???
84.8%
?
???
82.4%
?
???
80.4%
?
???
78.5%
?
???
76%
?
???
74%
?
???
72.4%
?
???
70.5%
?
???
68.3%
?
???
65.4%
?
???
63.1%
?
???
61.4%
?
???
58.9%
?
???
56.2%
?
???
53.6%
?
???
51.7%
?
???
49.3%
?
???
45.7%
?
???
43%
?
???
40.1%
?
???
36.6%
Quiz Playlist
Details
Report
Send in Message
Add To Playlist
More Info:
Name the increasingly difficult European Capitals
Classic:
Type in answers that appear in a list
No Skip:
Answers have to be entered in order without skipping
Quiz Source
Last Updated: Mar 15, 2017
Quiz Scoreboard
CHALLENGE
Sign Up to Join the Scoreboard
Show All
Scores
Hide
Comments
May contain spoilers
Recently Published
Image Sorting: Flags VI
by Barbecue
Geography
2m
Find the 'City' Movie
by crazypaving
Movies
60s
Colored Red Africa Blitz
by spor1
Geography
45s
More to Explore
Quiz From the Vault
Featured Blog Post
14 Easter Pick-up Lines to Find Eggs With
hide this ad
You Might Also Like...
Tags
Capital Quiz
Europe Quiz
European Capitals
Europe Cities
Progressively
Progressively Harder
Today's Top Quizzes in Geography
Browse Geography
hide this ad
Today's Top Quizzes in Europe
Browse Europe
Top Contributed Quizzes in Geography
1
Colored Red Europe Blitz I
2
Countries of the World - No Outlines Minefield
3
Colored Red Africa Blitz II
4
Colored Red Europe Blitz II
5
Colored Red Europe Blitz III
6
Colored Red Africa Blitz III
7
Colored Red States Blitz I
8
A Different View: World Oceans
9
Colored Red States Blitz II
10
Colored Red States Blitz III
Explore More
Trending Topics
Disney
NBA
Marvel
Anime
Crossword
Kpop
Harry Potter
The Office
NFL
Puzzle
WWE
Song
Pokémon
Country
Soccer
hide this ad
More By:
KPower98
Quiz
Plays
Rating
Category
Featured
Created
Drake Studio Albums
14,803
4.59
Music
Jul 27, 2016
Best Rapper Alive, Every Year 1979-2019
8,927
4.26
Music
Jun 11, 2016
Progressively harder European Capitals
2,812
3.67
Geography
Jul 10, 2013
Religions of North Korea
371
4.33
Religion
Apr 10, 2013
Extermination Camps by Death Toll
323
5.00
History
May 9, 2016
Go to Creator's Profile
Score Distribution
Quiz Creator Spotlight
KPower98
Follow
Send a Message
Quizzes Created
-
Created Quiz Play Count
-
More By This Creator
Popular Quizzes Today
1
Colored Red Africa Blitz
2
Find the US States - No Outlines Minefield
3
Find the 'City' Movie
4
5x2 Blitz: Bands
5
The Countries of the World
6
Find the US States
7
Find the Countries of Europe - No Outlines Minefield
8
US States
More Geography Quizzes
Sliding Country Outlines Blitz
Published
Trending Quizzes
Colored Red Europe Blitz I
Colored Red Africa Blitz II
Colored Red Europe Blitz II
Colored Red Africa Blitz III
Colored Red Europe Blitz III
Recently Updated
How Do You Spell That?
pecheneg
Godzilla Movies
pecheneg
Grab Bag: 4-10 Letters
pecheneg
2024 March Madness Bracket
pecheneg
Famous TV Couples
Peacemaker
Champions League XIs: Real Madrid
pecheneg
Largest US Cities 1790-2010
pecheneg
Rides in Walt Disney World
pecheneg
Most Oscar Losses (Acting)
pecheneg
Beyoncé Albums
pecheneg
Trending Topics
NBA
Kpop
Crossword
Anime
Harry Potter
Disney
Marvel
Song
NFL
The Office
WWE
Puzzle
Soccer
Country
Pokémon
Your Account Isn't Verified!
In order to create a playlist on Sporcle, you need to verify the email address you used during registration. Go to your
Sporcle Settings
to finish the process.
Report this User
Report this user for behavior that violates our
Community Guidelines
.
Details:
Send Report
Go to the Sporcle.com Mobile Site →
Comments